| 000 | 00715cam a2200277 4500 | ||
|---|---|---|---|
| 008 | 090401t1995 xxu||||| |||| 00| 0 eng d | ||
| 020 | _a0946044147 | ||
| 035 | _a(Sirsi) u41382 | ||
| 041 | _aeng | ||
| 050 | _a711.1 | ||
| 110 |
_aCouncil for the Protection of Rural England _9227 |
||
| 245 | _aIndex of Planning Policy Guidance Notes. | ||
| 260 |
_aLondon _bCPRE _c1995 |
||
| 300 | _a19p. ; 30cm. | ||
| 350 | _a3 | ||
| 520 | _aFILED IN BOX WITH PPGS. | ||
| 650 | _aINDICES | ||
| 650 | _aPLANNING GUIDANCE | ||
| 650 | _aPLANNING POLICY GUIDANCE NOTES | ||
| 650 | _aPPG | ||
| 650 | _aPPGS | ||
| 690 | _aPLANNING LAW AND PRACTICE | ||
| 710 |
_aPlanning _9418 |
||
| 942 | _n0 | ||
| 948 | _c04/03/1997 | ||
| 999 |
_c90924 _d90924 |
||